000 00700cam a2200265 4500
001 J3718
008 090401t xxu||||| |||| 00| 0 eng d
035 _a(Sirsi) u56661
041 _aeng
050 _a333.337
110 _aDonaldsons
_93333
245 _aDonaldson`s retail research spotlight. - 1st quarter 1996 - 4th quarter 1996.
260 _aLondon
_bDonaldsons
_c1996-97
300 _a4 pt. ; 30cm.
350 _a0
520 _aPublished quarterly
650 _aPROPERTY INVESTMENT
650 _aRENT
650 _aRENTAL GROWTH
650 _aRETAIL PROPERTY
650 _aYIELDS
690 _aPROPERTY-COMMERCIAL PROPERTY-RETAIL PROPERTY
942 _n0
948 _c04/03/1997
999 _c93820
_d93820